000 00725nam a2200217 a 4500
001 000023965
005 20200930022615.0
008 110117s1980 mx c r 000 0 spa d
020 _a9682303281
040 _aDO-SdBNP
_bspa
_cBNPHU
082 _axxxxx
_bS785r
100 1 _aStanding, E. M.
_949299
245 1 3 _aLa revolución Montessori en la educación /
_cE. M. Standing ; traducción Ana Shapiro de Zagury.
250 _a8a ed.
260 _aMéxico, D. F. :
_bSiglo XXI,
_c1980.
300 _a202 p. :
_bretrs. , ;
_c18 cm.
500 _aIncluye referencia biográfica del autor en la contracubierta.
500 _aIncluye bibliografía p. [202].
700 1 _aShapiro de Zagury, Ana,
_etr.
_949300
049 _aBNGR
999 _c23461
_d23461